|
|
|
|
| LEADER |
00000nam0a2200000 4500 |
| 001 |
310134 |
| 005 |
20231102002246.0 |
| 035 |
|
|
|a (RuTPU)RU\TPU\book\335475
|
| 090 |
|
|
|a 310134
|
| 100 |
|
|
|a 20151121d1981 k y0rusy50 ca
|
| 101 |
0 |
|
|a rus
|
| 102 |
|
|
|a RU
|
| 105 |
|
|
|a a z 001zy
|
| 200 |
1 |
|
|a Петрология, геохимия и рудоносность гранитоидов молибденового пояса Забайкалья
|f Е. М. Шеремет, В. Д. Козлов
|g Академия наук СССР (АН СССР), Сибирское отделение (СО), Институт геохимии им. А. П. Виноградова (ИГХ) ; под ред. Н. Г. Лина
|
| 210 |
|
|
|a Новосибирск
|c Наука
|d 1981
|
| 215 |
|
|
|a 134 с.
|c ил.
|
| 320 |
|
|
|a Библиогр.: с. 127-132
|
| 606 |
1 |
|
|a Гранитоиды
|x Происхождение
|2 stltpush
|3 (RuTPU)RU\TPU\subj\8547
|9 35939
|
| 610 |
1 |
|
|a петрология
|
| 610 |
1 |
|
|a геохимия
|
| 610 |
1 |
|
|a рудоносность
|
| 610 |
1 |
|
|a молибденовый пояс
|
| 610 |
1 |
|
|a Забайкалье
|
| 610 |
1 |
|
|a геологическое строение
|
| 610 |
1 |
|
|a гранитные интрузии
|
| 675 |
|
|
|a 552.321.1/.3
|v 4
|
| 700 |
|
1 |
|a Шеремет
|b Е. М.
|g Евгений Михайлович
|
| 701 |
|
1 |
|a Козлов
|b В. Д.
|g Валерий Дмитриевич
|
| 702 |
|
1 |
|a Лин
|b Н. Г.
|g Николай Григорьевич
|4 340
|
| 712 |
0 |
2 |
|a Академия наук СССР (АН СССР)
|b Сибирское отделение (СО)
|b Институт геохимии им. А. П. Виноградова (ИГХ)
|c (Иркутск)
|2 stltpush
|3 (RuTPU)RU\TPU\col\1687
|
| 801 |
|
1 |
|a RU
|b 63413507
|c 20151121
|
| 801 |
|
2 |
|a RU
|b 63413507
|c 20180918
|g RCR
|
| 942 |
|
|
|c BK
|